Most Songs Played Live - Metallica - Statistics

General Stats
  • This quiz has been taken 89 times
  • The average score is 11 of 20
Answer Stats
Hint Answer % Correct
6 Enter Sandman
96%
1 Master of Puppets
94%
5 One
85%
8 Nothing Else Matters
79%
20 The Unforgiven
74%
11 Battery
71%
4 For Whom the Bell Tolls
68%
3 Seek & Destroy
67%
7 Sad but True
65%
9 Fade to Black
55%
2 Creeping Death
54%
18 Fuel
54%
14 Wherever I May Roam
51%
19 Blackened
49%
10 Welcome Home
46%
15 Harvester of Sorrow
42%
17 The Four Horsemen
40%
12 Whiplash
32%
16 Am I Evil?
12%
13 Last Caress
7%
No matching quizzes found
Score Distribution
Percent of People with Each Score
Percentile by Number Answered
Your Score History
You have not taken this quiz